| 000 | 00560nam a2200169 a 4500 | ||
|---|---|---|---|
| 001 | 000037622 | ||
| 005 | 20200930080456.0 | ||
| 008 | 121010s2007 gt 000 0 spa d | ||
| 040 |
_aDO-SdBNP _bspa _cBNPHU |
||
| 082 |
_axxxx _bxxxxx |
||
| 100 | 1 |
_aGonzález Orellana, _964087 |
|
| 245 | 1 | 0 |
_aPensamiento pedagógico / _cCarlos Gonzáles Orellana. |
| 260 |
_aGuatemala : _bUniversidad de San Carlos Guatemala, _c2007. |
||
| 300 |
_av. ; _c22 cm. |
||
| 500 | _aIncluye datos biográficos del autor en la contracubiertas | ||
| 505 | 2 |
_gv. 1 _tEnsayos _gv.2 _tPropuesta |
|
| 999 |
_c37112 _d37112 |
||